Los seis amigos en la ciudadela / (Registro nro. 9630)

Detalles MARC
000 -LIDER
fixed length control field 01025nam a2200349 4500
001 - NÚMERO DE CONTROL
Identificador de número de control 00175798
003 - IDENTIFICACDOR DE NÚMERO DE CONTROL
control field DO-SdBNP
005 - DATE AND TIME OF LATEST TRANSACTION
control field 20171213083158.0
007 - CAMPOS FIJOS DE DESCRIPCIÓN FÍSICA
fixed length control field 00175798
008 - ELEMENTOS DE LONGITUD FIJA
fixed length control field 880907s1979 sp a 000 spa
016 7# - NO. DE CONTROL DE LA AGENCIA BIB. NACIONAL
Record control number
Canceled/invalid record control number
Source BPMSU
017 ## - NÚMERO DE REGISTRO DE DERECHOS DE AUTOR
Copyright or legal deposit number
Assigning agency
020 ## - ISBN
International Standard Book Number 8431018798
035 ## - NÚMERO LOCAL
System control number
040 ## - FUENTE DE CATALOGACIÓN
Agencia que crea de manera original el registro BPMSU
Idioma de catalogación spa
Agencia que realiza la transcripción BPMSU
Convenciones de la despripción
041 1# - CÓDIGOS DE OBRAS TRADUCIDAS O EN VARIOS IDIOMAS
Código del idioma del texto/archivo de sonido o separata spa
Cód. del idioma original y/o traducciones intermedias del texto
080 #0 - NÚMERO DE CLASIFICACIÓN DECIMAL UNIVERSAL
Universal Decimal Classification number
100 1# - ASIENTO PRINCIPAL -- NOMBRE PERSONAL
Nombre personal Bonzon, Paul-Jacques
240 ## - TITULO UNIFORME
Título uniforme Les six compagnons dans la citadelle
Idioma de una obra español
245 14 - MENCIÓN DE TITULO
Título Los seis amigos en la ciudadela /
Medio (Designación general de material)
Mención de responsabilidad Paul Jacques Bonzon ;traducción Consuelo G. de Ortega ; ilustraciones, Antonio Borrell
250 ## - MENCIÓN DE EDICION
Mención de edición 2ª ed.
260 ## - PUBLICACIÓN, DISTRIBUCIÓN, ETC. (PIE DE IMPRENTA)
Lugar de publicación, distribución, etc Barcelona :
Nombre del editor, distribuidor, etc. Toray,
Fecha de publicación, distribución, etc 1985
300 ## - DESCRIPCIÓN FÍSICA
Extensión 183 p.:
Otros detalles físicos il. ;
Dimensiones 22 cm
490 0# - MENCIÓN DE SERIES
Mención de serie Los Seis Amigos
Volume/sequential designation 6
500 ## - NOTA GENERAL
Nota general
700 1# - ASIENTO SECUNDARIO -- NOMBRE PERSONAL
Nombre personal Ortega, Consuelo G. de
Mención de responsabilidad tr.
700 1# - ASIENTO SECUNDARIO -- NOMBRE PERSONAL
Nombre personal Borrell, Antonio
Fechas asociadas con el nombre 1927-
Mención de responsabilidad il.
830 ## - ASIENTO SECUNDARIO DE SERIE--TÍTULO UNIFORME
Título uniforme Los Seis Amigos
Nombre de la parte o sección de una obra
Volume number/sequential designation 6
942 ## - ADDED ENTRY ELEMENTS (KOHA)
Source of classification or shelving scheme Dewey Decimal Classification
Koha item type Libros
945 ## - INFORMACIÓN DE PROCESAMIENTO LOCAL
Información de procesamiento local inventariado extrajero / DG
956 ## - LOCAL ELECTRONIC LOCATION AND ACCESS (OCLC)
Nombre de host VMATEO
Método de acceso 10
Materiales especificados 20160407
Enlace BPMSU
Campo enlazado y núm. de secuencia 0069
Existencias
Withdrawn status Lost status Source of classification or shelving scheme Damaged status Not for loan Collection code Home library Current library Date acquired Source of acquisition Total Checkouts Barcode Date last seen Price effective from Koha item type
    Dewey Decimal Classification       Biblioteca Pública Metropolitana Salomé Ureña Biblioteca Pública Metropolitana Salomé Ureña 04/07/2016 FUNDI   BPMET16040214 04/07/2016 04/07/2016 Libros